Guess the Arctic Monkeys song without hints (2) - Statistics

General Stats
  • This quiz has been taken 160 times
  • The average score is 143 of 269
Answer Stats
Lyrics % Correct
I
97%
you
92%
a
89%
A
89%
the
88%
The
88%
we
76%
when
76%
your
74%
do
69%
And
67%
and
67%
in
66%
it
66%
On
66%
on
66%
be
64%
you're
63%
to
62%
then
61%
So
58%
I'm
56%
of
56%
there
56%
like
55%
that
54%
That
54%
but
52%
But
52%
it's
51%
It's
51%
was
51%
all
49%
can't
49%
don't
47%
get
47%
Oh
47%
oh
47%
this
47%
up
47%
got
46%
I've
46%
one
46%
Well
46%
goes
45%
bum
44%
mardy
44%
off
44%
say
44%
you've
44%
down
43%
now
43%
as
42%
day
42%
out
42%
thought
42%
Yeah
41%
yeah
41%
face
40%
seen
40%
these
40%
away
39%
come
39%
kitchen
39%
looking
39%
things
39%
traffic
39%
train
39%
cuddles
38%
missed
38%
today
38%
around
37%
care
37%
ground
37%
just
37%
late
37%
laugh
37%
much
37%
Remember
37%
remember
37%
there's
37%
again
36%
barrel
36%
gun
36%
joke
36%
state
36%
very
36%
words
36%
argumentative
35%
carry
35%
prefer
35%
trouble
35%
clearly
34%
hard
34%
side
34%
course
33%
frown
33%
over
33%
sorry
33%
aren't
32%
debate
31%
jokes
31%
laughs
31%
pleasant
31%
arsed
30%
bear
30%
Cause
29%
reoccurs
29%
disappointment
28%
right
28%
silent
28%
turned
28%
pulling
19%
Ah
6%
No matching quizzes found
Score Distribution
Percent of People with Each Score
Percentile by Number Answered
Your Score History
You have not taken this quiz